|
|
|
|
| LEADER |
00000nas a2200000 a 4500 |
| 001 |
ssj0032619 |
| 003 |
WaSeSS |
| 005 |
20200512172242.0 |
| 006 |
m d |
| 007 |
cr n |
| 008 |
000601c19919999nyubr pss 0 0eng c |
| 010 |
|
|
|a 2004255363
|
| 035 |
|
|
|a (WaSeSS)ssj0032619
|
| 040 |
|
|
|a HNK
|b eng
|c HNK
|d OCLCQ
|d ZCU
|d OCLCQ
|d OCLCF
|d OCLCO
|d OCLCQ
|d OCLCO
|d AU@
|d WaSeSS
|
| 042 |
|
|
|a pcc
|
| 050 |
1 |
4 |
|a HF5679
|
| 130 |
0 |
|
|a Infotech update (New York, N.Y. : Online)
|
| 245 |
1 |
0 |
|a Infotech update
|h [electronic resource].
|
| 260 |
|
|
|a New York :
|b AICPA
|
| 310 |
|
|
|a Bimonthly,
|b <1996->
|
| 321 |
|
|
|a Quarterly,
|b <1992-1996>
|
| 362 |
1 |
|
|a Began with 1991.
|
| 506 |
|
|
|a License restrictions may limit access.
|
| 538 |
|
|
|a Mode of access: World Wide Web.
|
| 588 |
|
|
|a Description based on: Vol. 1, no. 4 (summer 1992); title from title information screen (ProQuest, viewed Aug. 12, 2004).
|
| 650 |
|
0 |
|a Accounting
|x Data processing
|v Periodicals.
|
| 650 |
|
0 |
|a Communication of technical information
|v Periodicals.
|
| 650 |
|
0 |
|a Technology
|x Information services
|v Periodicals.
|
| 650 |
|
7 |
|a Accounting
|x Data processing.
|2 fast
|0 (OCoLC)fst00795400
|
| 650 |
|
7 |
|a Communication of technical information.
|2 fast
|0 (OCoLC)fst00870307
|
| 650 |
|
7 |
|a Technology
|x Information services.
|2 fast
|0 (OCoLC)fst01145131
|
| 655 |
|
0 |
|a Electronic journals.
|
| 710 |
2 |
|
|a American Institute of Certified Public Accountants.
|
| 776 |
1 |
|
|t Infotech update
|
| 856 |
4 |
0 |
|z Full text available from Research Library: 07/01/1992 to 09/30/2007
|u https://search.proquest.com/publication/4232
|